000 00575nam a2200193Ia 4500
005 20260120124638.0
008 008 260114s9999 xx 000 0 eng d
020 _a9780762307623
037 _aEBOOK
040 _aCRL
_beng
_cCRL
041 _aeng
_2eng
084 _qCRL
245 0 _aBringing Capitalism Back for Critique by Social Theory
260 _bEmerald Publishing
_c2002
700 _aJennifer M. Lehmann
_9908770
856 _uhttps://www.emerald.com/insight/publication/doi/10.1016/S0278-1204(2002)21
942 _cEBOOK
999 _c1500678
_d1500678